|
|
|
|
| LEADER |
00000nam a2200000 a 4500 |
| 001 |
vtls001125209 |
| 003 |
SK-MaSNL |
| 005 |
20260301062829.0 |
| 008 |
250414s1989 CS 0 cze |
| 020 |
|
|
|a 8001001709
|
| 035 |
|
|
|a SNK000068058
|
| 040 |
|
|
|a SNK
|b slo
|c SNK
|e AACR2
|
| 041 |
0 |
|
|a cze
|
| 044 |
|
|
|a [CS]
|
| 080 |
|
|
|a 624.014:624.07(075.8)(076.5)
|2 1981
|
| 080 |
|
|
|a 624.07(075.8)(076.5)
|2 1981
|
| 100 |
1 |
|
|a Studnička, Jiří
|4 aut
|9 280716
|
| 245 |
1 |
0 |
|a Prvky kovových konstrukcí (příklady)
|c Jiří Studnička, Milan Vašek
|
| 250 |
|
|
|a 2., přeprac. vyd.
|
| 260 |
|
|
|a Praha
|b České vysoké učení technické
|c 1989
|
| 300 |
|
|
|a 180 s.
|c 29 cm
|e 14 s. graf. príl.
|
| 700 |
1 |
|
|a Vašek, Milan
|4 aut
|9 377663
|
| 852 |
|
|
|a Slovenská národná knižnica
|
| 919 |
|
|
|a 80-01-00170-9
|
| 958 |
|
|
|a OND
|
| 999 |
|
|
|c 622015
|d 623945
|
| 952 |
|
|
|a SNK
|b SNK
|y VYP
|7 0
|p 17A0015890
|o snkIB 65059 D1
|i snkKIP 636/91
|0 0
|1 1
|4 0
|d 1996-10-28
|l 0
|r 2004-12-31 00:00:00
|w 2026-02-23
|